000 00565cam a22001691 4500
082 _a624.183
_bWIL
_cL-20 P-12
100 1 _aWilliams, Clement Clarence,
_943092
245 1 4 _aThe design of masonry structures and foundations,
_cby Clement C. Williams ...
250 _a2d ed.
260 _aNew York [etc.]
_bMcGraw-Hill Book Company, inc.,
_c1930.
300 _ax, 603 p.
_billus., diagrs. (part fold.)
_c24 cm.
526 _a0
_b0
_c0
_d624_183000000000000_WIL
650 0 _aFoundations.
_9892
650 0 _aMasonry.
_936353
650 0 _aMCE
_9379
942 _2ddc
_cBK
999 _c546894
_d546894